| 000 | 01318cam a2200337 i 4500 | ||
|---|---|---|---|
| 001 | 17169456 | ||
| 003 | EG-ScBUE | ||
| 005 | 20230516103950.0 | ||
| 008 | 120217t2012 maua f b 001 0 eng d | ||
| 020 | _a9780262017961 (hardcover : alk. paper) | ||
| 040 |
_aDLC _beng _erda _cDLC _dDLC _dEG-ScBUE |
||
| 043 | _an-us-ny | ||
| 082 | 0 | 4 |
_a709.747109045 _222 _bALT |
| 245 | 0 | 0 |
_aAlternative histories : _bNew York art spaces, 1960 to 2010 / _cedited by Lauren Rosati and Mary Anne Staniszewski, Exit Art. |
| 264 | 1 |
_aCambridge, Massachusetts : _bThe MIT Press, _c[2012] |
|
| 264 | 4 | _cc2012 | |
| 300 |
_a404 pages : _billustrations ; _c26 cm |
||
| 336 |
_atext _2rdacontent _btxt |
||
| 337 |
_aunmediated _2rdamedia _bn |
||
| 338 |
_avolume _2rdacarrier _bnc |
||
| 504 | _aIncludes bibliographical references and index. | ||
| 650 | 7 |
_aArt, American _zNew York (State) _zNew York _y20th century. _2BUEsh |
|
| 650 | 7 |
_aAlternative spaces (Arts facilities) _zNew York (State) _zNew York. _2BUEsh |
|
| 653 |
_bART _cMay2023 |
||
| 655 | _vReading book | ||
| 700 | 1 |
_aRosati, Lauren, _d1985- _eeditor. |
|
| 700 | 1 |
_aStaniszewski, Mary Anne, _eeditor. |
|
| 906 |
_a7 _bcbc _corignew _d1 _eecip _f20 _gy-gencatlg |
||
| 942 |
_2ddc _cBB |
||
| 999 |
_c30404 _d30375 |
||